000 00461nam a2200181Ia 4500
005 20250508152032.0
008 008 250505s9999 xx 000 0 eng d
037 _aBooks to be hide in OPAC
040 _aFEDL
_beng
_cFEDL
041 _aeng
_2eng
084 _a379.14, PUN/O
_qFEDL
245 0 _aPunjab education code
250 _a11th
260 _c1934
300 _avii,78p.
942 _cHB
_h379.14, PUN/O
999 _c1333818
_d1333818